UBT Library

BECOMING A MOTHER (Record no. 60496)

000 -LEADER
fixed length control field 00308nam a22001457a 4500
008 - FIXED-LENGTH DATA ELEMENTS--GENERAL INFORMATION
fixed length control field 231121b ||||| |||| 00| 0 eng d
020 ## - INTERNATIONAL STANDARD BOOK NUMBER
International Standard Book Number 0805237356
041 ## - LANGUAGE CODE
Language code of text/sound track or separate title eng
080 ## - UNIVERSAL DECIMAL CLASSIFICATION NUMBER
Universal Decimal Classification number 618
082 ## - DEWEY DECIMAL CLASSIFICATION NUMBER
Classification number 618OAK
100 ## - Rafti
Rafti 12
101 ## - Shkurtesa
Shkurtesa GJINE
245 ## - TITLE STATEMENT
Title BECOMING A MOTHER
Statement of responsibility, etc OAKLEY .A
942 ## - ADDED ENTRY ELEMENTS (KOHA)
Source of classification or shelving scheme
Item type Books
Holdings
Withdrawn status Lost status Source of classification or shelving scheme Damaged status Not for loan Collection code Permanent location Current location Date acquired Total Checkouts Full call number Barcode Date last seen Price effective from Koha item type
          Koleksioni i përgjithshem UBT - Lipjan UBT - Lipjan 11/21/2023   618OAK 002-800070546 11/21/2023 11/21/2023 Books
UBT Library © 2015-2024. All rights reserved University Education for Business and Technology